[Event "Children of Asia"]
[Site "?"]
[Date "2016.07.12"]
[Round "8"]
[White "Mohamed Noor, Rilwan"]
[Black "Arfan, Aditya Bagus"]
[Result "1/2-1/2"]
[WhiteElo "1252"]
[BlackElo "1398"]
[PlyCount "129"]

1. e4 c6 2. d4 d5 3. exd5 cxd5 4. c4 Nf6 5. Nc3 e6 6. Nf3 Nc6 7. Bf4 Bb4 8. Bd3
dxc4 9. Bxc4 Qa5 10. Qd3 O-O 11. O-O a6 12. Ne4 Qf5 13. Nxf6+ Qxf6 14. Be3 b5
15. Bb3 Bb7 16. Rac1 Na5 17. Bc2 Qg6 18. Qe2 Be4 19. Nh4 Qf6 20. Bxe4 Qxh4 21.
Bxa8 Rxa8 22. Qf3 Re8 23. Rc7 Rf8 24. g3 Qd8 25. Rfc1 Bd6 26. Rc8 Qxc8 27. Rxc8
Rxc8 28. b3 Kf8 29. Bd2 Nc6 30. d5 Ne5 31. Qe4 f5 32. Qg2 Rc2 33. Bf4 Rxa2 34.
Bxe5 Bxe5 35. h3 Ke7 36. dxe6 Kxe6 37. Qc6+ Bd6 38. Qc8+ Kf6 39. Qd8+ Be7 40.
Qd4+ Kg6 41. Kg2 Bf6 42. Qd6 h5 43. Kf3 a5 44. Qe6 b4 45. g4 hxg4+ 46. hxg4
fxg4+ 47. Qxg4+ Kh6 48. Qh3+ Kg6 49. Qg3+ Kf7 50. Qf4 Rc2 51. Kg2 Rc6 52. Qf5
Re6 53. Qxa5 Bc3 54. Qd5 Kf6 55. Qf3+ Ke5 56. Qg3+ Kf5 57. Kf3 Rg6 58. Qh3+ Kf6
59. Ke4 Rg5 60. f4 Ra5 61. Qd7 Ra6 62. Qf5+ Ke7 63. Qc5+ Rd6 64. Qc7+ Rd7 65.
Qc5+ 1/2-1/2

[Event "Children of Asia"]
[Site "?"]
[Date "2016.07.12"]
[Round "8"]
[White "Gasimov, Parviz"]
[Black "Ergeshov, Timur"]
[Result "1-0"]
[WhiteElo "2358"]
[BlackElo "2257"]
[PlyCount "81"]

1. e4 c5 2. Nf3 d6 3. Bb5+ Bd7 4. Bxd7+ Qxd7 5. c4 Nc6 6. d4 cxd4 7. Nxd4 g6 8.
Nc3 Bg7 9. Nde2 Nf6 10. f3 O-O 11. O-O Rac8 12. Be3 h5 13. Qd2 Kh7 14. b3 b6
15. Rad1 Qb7 16. h3 Nd7 17. Nd5 Rfe8 18. Nd4 a6 19. Nxc6 Rxc6 20. Nb4 Rcc8 21.
Qd5 Qa7 22. Qxf7 Ne5 23. Qe6 Qb7 24. Bd4 Rf8 25. Nd5 b5 26. Bxe5 Bxe5 27. Nxe7
Rf6 28. Qxc8 Qxe7 29. c5 Rf7 30. cxd6 Qa7+ 31. Kh1 Qe3 32. Qc1 Qxc1 33. Rxc1
Bxd6 34. Rfd1 Bf4 35. Rc6 a5 36. Rc5 Rb7 37. Rdd5 b4 38. Rxa5 Rc7 39. Rac5 Ra7
40. Rc2 Kh6 41. Kg1 1-0

[Event "Children of Asia"]
[Site "?"]
[Date "2016.07.12"]
[Round "8"]
[White "Kaluarachchi, Achinthya Shamen"]
[Black "Spiridonov, Vladislav"]
[Result "1-0"]
[WhiteElo "1876"]
[BlackElo "1700"]
[PlyCount "87"]

1. d4 Nf6 2. c4 e6 3. Nf3 b6 4. a3 Bb7 5. Nc3 d5 6. Bg5 Be7 7. e3 Nbd7 8. Qc2
h6 9. Bf4 O-O 10. cxd5 exd5 11. Bd3 c5 12. O-O Nh5 13. Bg3 Nxg3 14. hxg3 Rc8
15. Bf5 Bf6 16. Rad1 Re8 17. Rfe1 g6 18. Bh3 Rb8 19. Qa4 Nf8 20. Qxa7 Bc6 21.
dxc5 Bxc3 22. bxc3 Bb5 23. Nd4 Re7 24. Nxb5 Rxa7 25. Nxa7 Qc7 26. Nb5 Qxc5 27.
a4 Ra8 28. Rd4 Ne6 29. Bxe6 fxe6 30. e4 Rf8 31. exd5 exd5 32. Re6 Kg7 33. Rd6
Rf5 34. Rd7+ Kf6 35. Rc7 Qf8 36. g4 Re5 37. Rf4+ Rf5 38. gxf5 g5 39. Rf3 Qe8
40. Re3 Qh5 41. Rc6+ Kf7 42. g3 Qd1+ 43. Kg2 Qxa4 44. Rc7+ 1-0

[Event "Children of Asia"]
[Site "?"]
[Date "2016.07.12"]
[Round "8"]
[White "Zakharov, Nikolay"]
[Black "Herath, Nipuna B B"]
[Result "1-0"]
[WhiteElo "2026"]
[BlackElo "1602"]
[PlyCount "61"]

1. e4 e6 2. d4 d5 3. e5 c5 4. c3 Nc6 5. Nf3 Qb6 6. a3 Nh6 7. b4 cxd4 8. Bxh6
gxh6 9. cxd4 Bd7 10. Ra2 Rg8 11. g3 Rg4 12. Rd2 Nxb4 13. axb4 Bxb4 14. Bd3 Bb5
15. O-O Bxd2 16. Qxd2 Qa6 17. Bxb5+ Qxb5 18. Rc1 a5 19. Na3 Qb3 20. Rc3 Qb4 21.
Qd3 Kd8 22. Nb5 a4 23. Nd6 a3 24. Qc2 Qa4 25. Nxf7+ Ke7 26. Rc7+ Kf8 27. Qc5+
Kg7 28. N7g5+ Kg6 29. Qe7 Qd1+ 30. Kg2 hxg5 31. Qxh7# 1-0

[Event "Children of Asia"]
[Site "?"]
[Date "2016.07.12"]
[Round "8"]
[White "Bezotechestvo, Konstantin"]
[Black "Bold, Khosbayar"]
[Result "0-1"]
[WhiteElo "2117"]
[BlackElo "1768"]
[PlyCount "112"]

1. d4 Nf6 2. c4 e6 3. g3 d5 4. Bg2 Be7 5. Nf3 Nbd7 6. Qc2 c5 7. cxd5 Nxd5 8.
O-O Qb6 9. Rd1 cxd4 10. Nxd4 Nb4 11. Qa4 O-O 12. a3 Nd5 13. e4 N5f6 14. b4 Ne5
15. Nc3 Bd7 16. Qb3 Kh8 17. h3 Rac8 18. Nce2 Rfd8 19. Bg5 h6 20. Be3 Nc4 21.
Nf5 Nxe3 22. Nxe3 Bc6 23. e5 Nd7 24. Nc4 Qa6 25. Bxc6 Qxc6 26. Rd4 Nb6 27. Nxb6
Qxb6 28. Rad1 Rxd4 29. Rxd4 a5 30. Rf4 Kg8 31. Qf3 axb4 32. axb4 Rf8 33. Nc3
Bxb4 34. Ne4 Qb5 35. Nf6+ Kh8 36. Ng4 Rc8 37. Nxh6 gxh6 38. Qh5 Bf8 39. Rxf7
Bg7 40. Rf6 Qb1+ 41. Kh2 Kh7 42. Rxe6 Rf8 43. Qe2 Qf5 44. Re7 Qxf2+ 45. Qxf2
Rxf2+ 46. Kg1 Rb2 47. g4 Kg6 48. h4 Bf8 49. Rc7 b5 50. Rc6+ Kf7 51. g5 hxg5 52.
hxg5 Re2 53. Rf6+ Ke7 54. Rf5 b4 55. g6 b3 56. Rf7+ Ke8 0-1

[Event "detiasii2b"]
[Site "?"]
[Date "2016.07.13"]
[Round "9.1"]
[White "Sin, Denis"]
[Black "Garidmagnai, Byambasuren"]
[Result "1/2-1/2"]
[BlackElo "2185"]
[WhiteElo "2214"]
[LiveChessVersion "1.4.8"]

1. d4 {[%clk 1:30:58]} Nf6 {[%clk 1:30:53]} 2. c4 {[%clk 1:31:24]} g6
{[%clk 1:31:18]} 3. f3 {[%clk 1:31:51]} Bg7 {[%clk 1:31:39]} 4. e4
{[%clk 1:32:16]} d6 {[%clk 1:32:05]} 5. Nc3 {[%clk 1:32:43]} O-O {[%clk 1:32:28]}
6. Be3 {[%clk 1:33:11]} c5 {[%clk 1:28:43]} 7. d5 {[%clk 1:33:36]} Na6
{[%clk 1:28:10]} 8. Bd3 {[%clk 1:29:07]} Nc7 {[%clk 1:27:24]} 9. Nge2
{[%clk 1:29:24]} a6 {[%clk 1:27:33]} 10. O-O {[%clk 1:28:04]} Rb8
{[%clk 1:25:11]} 11. Rb1 {[%clk 1:24:36]} Nd7 {[%clk 0:53:32]} 12. f4
{[%clk 1:12:58]} e6 {[%clk 0:43:16]} 13. a4 {[%clk 1:07:14]} exd5
{[%clk 0:42:26]} 14. cxd5 {[%clk 1:07:11]} Re8 {[%clk 0:41:35]} 15. Qd2
{[%clk 0:58:48]} b5 {[%clk 0:29:47]} 16. axb5 {[%clk 0:59:02]} axb5
{[%clk 0:27:13]} 17. b4 {[%clk 0:58:41]} cxb4 {[%clk 0:26:43]} 18. Rxb4
{[%clk 0:57:36]} Nc5 {[%clk 0:26:57]} 19. Bxc5 {[%clk 0:23:45]} dxc5
{[%clk 0:27:20]} 20. Rbb1 {[%clk 0:24:14]} Ba6 {[%clk 0:26:25]} 21. e5
{[%clk 0:21:21]} c4 {[%clk 0:07:19]} 22. Be4 {[%clk 0:19:04]} b4 {[%clk 0:07:42]}
23. Na2 {[%clk 0:17:45]} c3 {[%clk 0:07:59]} 24. Qe3 {[%clk 0:17:49]} Bxe2
{[%clk 0:06:55]} 25. Qxe2 {[%clk 0:18:15]} Nxd5 {[%clk 0:07:13]} 26. Kh1
{[%clk 0:16:39]} Nxf4 {[%clk 0:03:14]} 27. Rxf4 {[%clk 0:15:54]} Bxe5
{[%clk 0:03:39]} 28. Rf3 {[%clk 0:14:50]} Qd4 {[%clk 0:02:25]} 29. Rd1
{[%clk 0:14:02]} Qc5 {[%clk 0:01:56]} 30. Bd5 {[%clk 0:13:04]} 1/2-1/2

[Event "detiasii2b"]
[Site "?"]
[Date "2016.07.13"]
[Round "9.2"]
[White "Nguyen, Dang Hong Phuc"]
[Black "Tarigan, Gilbert Elroy"]
[Result "1-0"]
[BlackElo "1914"]
[WhiteElo "2147"]
[LiveChessVersion "1.4.8"]

1. d4 {[%clk 1:30:57]} d5 {[%clk 1:30:54]} 2. Nf3 {[%clk 1:31:18]} Nf6
{[%clk 1:31:15]} 3. c4 {[%clk 1:31:40]} c6 {[%clk 1:31:34]} 4. Qb3
{[%clk 1:32:02]} dxc4 {[%clk 1:25:07]} 5. Qxc4 {[%clk 1:32:22]} Bf5
{[%clk 1:25:25]} 6. Nc3 {[%clk 1:32:40]} e6 {[%clk 1:25:20]} 7. g3
{[%clk 1:33:04]} Nbd7 {[%clk 1:24:25]} 8. Bg2 {[%clk 1:33:32]} Be7
{[%clk 1:24:18]} 9. O-O {[%clk 1:34:00]} O-O {[%clk 1:24:28]} 10. e3
{[%clk 1:34:29]} Ne4 {[%clk 1:19:51]} 11. Nd2 {[%clk 1:34:58]} Nxd2
{[%clk 1:13:36]} 12. Bxd2 {[%clk 1:35:25]} a5 {[%clk 1:10:33]} 13. a4
{[%clk 1:31:40]} Qb6 {[%clk 1:05:10]} 14. e4 {[%clk 1:20:53]} Bg6
{[%clk 1:05:31]} 15. Be3 {[%clk 1:19:23]} Qb4 {[%clk 0:53:39]} 16. b3
{[%clk 0:53:00]} Nf6 {[%clk 0:50:24]} 17. f3 {[%clk 0:52:53]} Rfd8
{[%clk 0:47:08]} 18. Rfd1 {[%clk 0:52:15]} Rab8 {[%clk 0:47:01]} 19. Bf1
{[%clk 0:51:49]} Bh5 {[%clk 0:46:34]} 20. Kf2 {[%clk 0:49:36]} Rbc8
{[%clk 0:36:25]} 21. Be2 {[%clk 0:39:27]} Bf8 {[%clk 0:26:05]} 22. Bc1
{[%clk 0:16:15]} Qb6 {[%clk 0:22:40]} 23. Be3 {[%clk 0:15:57]} Qc7
{[%clk 0:22:08]} 24. Rac1 {[%clk 0:16:11]} Bb4 {[%clk 0:20:11]} 25. Rc2
{[%clk 0:12:51]} Qe7 {[%clk 0:19:59]} 26. Na2 {[%clk 0:12:48]} Ba3
{[%clk 0:18:53]} 27. Bc1 {[%clk 0:12:22]} Bg6 {[%clk 0:18:03]} 28. Bxa3
{[%clk 0:11:38]} Qxa3 {[%clk 0:18:28]} 29. Nc1 {[%clk 0:11:52]} Qe7
{[%clk 0:17:47]} 30. Nd3 {[%clk 0:12:02]} Nd7 {[%clk 0:14:39]} 31. Qc3
{[%clk 0:09:47]} b6 {[%clk 0:12:15]} 32. Nf4 {[%clk 0:09:24]} Nf6
{[%clk 0:12:14]} 33. Qe3 {[%clk 0:09:20]} Qb7 {[%clk 0:11:49]} 34. Rdc1
{[%clk 0:09:11]} Qd7 {[%clk 0:11:22]} 35. Rc4 {[%clk 0:09:13]} Qb7
{[%clk 0:09:15]} 36. Nxg6 {[%clk 0:08:33]} hxg6 {[%clk 0:09:38]} 37. Qc3
{[%clk 0:08:52]} Qd7 {[%clk 0:08:59]} 38. Kf1 {[%clk 0:08:51]} Rf8
{[%clk 0:07:21]} 39. Rxc6 {[%clk 0:04:29]} Rxc6 {[%clk 0:06:52]} 40. Qxc6
{[%clk 0:04:58]} Qxd4 {[%clk 0:05:40]} 41. Rd1 {[%clk 0:04:59]} Qb4
{[%clk 0:01:45]} 42. Qb5 {[%clk 0:03:29]} Qc3 {[%clk 0:01:24]} 43. Qxb6
{[%clk 0:03:21]} Rc8 {[%clk 0:00:55]} 44. Rd8+ {[%clk 0:03:33]} Rxd8
{[%clk 0:01:16]} 45. Qxd8+ {[%clk 0:04:02]} Kh7 {[%clk 0:01:38]} 46. Qd3
{[%clk 0:04:12]} Qc1+ {[%clk 0:01:37]} 47. Kg2 {[%clk 0:01:48]} Qc6
{[%clk 0:01:17]} 48. Qb5 {[%clk 0:01:19]} Qc3 {[%clk 0:01:32]} 49. h4
{[%clk 0:00:53]} Qd2 {[%clk 0:01:27]} 50. Qd3 {[%clk 0:01:23]} Qe1
{[%clk 0:01:41]} 51. f4 {[%clk 0:01:11]} Qb4 {[%clk 0:01:51]} 52. Bf3
{[%clk 0:01:22]} Qe1 {[%clk 0:01:34]} 53. e5 {[%clk 0:01:38]} Ng8
{[%clk 0:01:31]} 54. h5 {[%clk 0:01:19]} Nh6 {[%clk 0:01:29]} 55. hxg6+
{[%clk 0:01:18]} fxg6 {[%clk 0:01:54]} 56. Be4 {[%clk 0:00:42]} Ng4
{[%clk 0:01:03]} 57. Bxg6+ {[%clk 0:00:36]} Kh6 {[%clk 0:01:10]} 58. Be8
{[%clk 0:00:35]} Ne3+ {[%clk 0:01:18]} 59. Kf3 {[%clk 0:00:46]} Nf5
{[%clk 0:01:36]} 60. Kg2 {[%clk 0:01:04]} Ne3+ {[%clk 0:01:56]} 61. Kf3
{[%clk 0:01:32]} Nf5 {[%clk 0:01:58]} 62. Bf7 {[%clk 0:00:44]} Qxg3+ 63. Ke2 Qg2+
{[%clk 0:01:14]} 64. Kd1 {[%clk 0:01:33]} Qg1+ {[%clk 0:01:26]} 65. Kc2
{[%clk 0:01:30]} g6 {[%clk 0:00:42]} 66. Bxe6 {[%clk 0:01:26]} Nd4+
{[%clk 0:00:32]} 67. Kc3 {[%clk 0:01:55]} Qa1+ {[%clk 0:00:45]} 68. Kc4
{[%clk 0:02:05]} Nc6 {[%clk 0:00:39]} 69. Kb5 {[%clk 0:02:20]} Nd4+
{[%clk 0:00:32]} 70. Kxa5 {[%clk 0:00:55]} Qe1+ {[%clk 0:00:52]} 71. Ka6
{[%clk 0:01:15]} Nc6 {[%clk 0:00:47]} 72. Kb6 {[%clk 0:01:04]} Nb4
{[%clk 0:00:34]} 73. Qh3+ {[%clk 0:01:04]} Kg7 {[%clk 0:00:59]} 74. Bc4
{[%clk 0:01:20]} Qf2+ {[%clk 0:01:18]} 75. Kb5 {[%clk 0:01:44]} Nc2
{[%clk 0:01:13]} 76. Qd7+ {[%clk 0:02:13]} Kh6 {[%clk 0:01:32]} 77. Qh3+
{[%clk 0:02:42]} Kg7 {[%clk 0:01:56]} 78. Qd7+ {[%clk 0:03:09]} Kh6
{[%clk 0:02:20]} 79. Qd8 {[%clk 0:02:35]} Na3+ {[%clk 0:01:26]} 80. Kb4
{[%clk 0:01:05]} Nc2+ {[%clk 0:01:25]} 81. Kc3 {[%clk 0:01:04]} Qg3+
{[%clk 0:00:35]} 82. Kxc2 {[%clk 0:01:19]} Qf2+ {[%clk 0:00:57]} 83. Qd2
{[%clk 0:01:45]} Qc5 {[%clk 0:01:15]} 84. f5+ {[%clk 0:02:10]} Kh5
{[%clk 0:01:24]} 85. Qh2+ {[%clk 0:02:25]} Kg5 {[%clk 0:01:41]} 86. fxg6
{[%clk 0:02:48]} Kxg6 {[%clk 0:02:00]} 87. e6 {[%clk 0:03:02]} Qa3
{[%clk 0:02:12]} 88. Kb1 {[%clk 0:03:18]} Qb4 {[%clk 0:02:16]} 89. Qe2
{[%clk 0:03:38]} Qe7 {[%clk 0:02:25]} 90. Qg4+ {[%clk 0:04:03]} Kh6
{[%clk 0:02:31]} 91. Qf4+ {[%clk 0:04:30]} 1-0

[Event "detiasii2b"]
[Site "?"]
[Date "2016.07.13"]
[Round "9.3"]
[White "Tran, Minh Thang"]
[Black "Miciano, John Marvin"]
[Result "1/2-1/2"]
[BlackElo "2251"]
[WhiteElo "2370"]
[LiveChessVersion "1.4.8"]

1. d4 {[%clk 1:30:58]} Nf6 {[%clk 1:30:08]} 2. Nf3 {[%clk 1:31:23]} g6
{[%clk 1:30:05]} 3. c4 {[%clk 1:31:49]} Bg7 {[%clk 1:29:46]} 4. g3
{[%clk 1:31:34]} d6 {[%clk 1:28:35]} 5. Bg2 {[%clk 1:31:58]} O-O {[%clk 1:28:15]}
6. O-O {[%clk 1:32:24]} c5 {[%clk 1:23:58]} 7. Nc3 {[%clk 1:31:14]} Nc6
{[%clk 1:24:15]} 8. Re1 {[%clk 1:21:01]} cxd4 {[%clk 1:07:39]} 9. Nxd4
{[%clk 1:21:28]} Bd7 {[%clk 1:07:57]} 10. Nb3 {[%clk 1:20:16]} Ne5
{[%clk 1:04:29]} 11. c5 {[%clk 1:20:31]} dxc5 {[%clk 0:59:57]} 12. Nxc5
{[%clk 1:20:10]} Bc6 {[%clk 0:46:20]} 13. Qxd8 {[%clk 1:18:47]} Rfxd8
{[%clk 0:46:44]} 14. Nxb7 {[%clk 1:19:04]} Bxb7 {[%clk 0:47:07]} 15. Bxb7
{[%clk 1:19:30]} Rab8 {[%clk 0:47:23]} 16. Bg2 {[%clk 1:18:38]} Nc4
{[%clk 0:47:20]} 17. a4 {[%clk 0:54:29]} a6 {[%clk 0:44:29]} 18. Ra2
{[%clk 0:53:17]} Rb3 {[%clk 0:39:53]} 19. e3 {[%clk 0:51:01]} Ng4
{[%clk 0:32:48]} 20. Rd1 {[%clk 0:45:30]} Rxd1+ {[%clk 0:30:00]} 21. Nxd1
{[%clk 0:46:00]} Nge5 {[%clk 0:29:14]} 22. Bf1 {[%clk 0:43:18]} Nd3
{[%clk 0:21:24]} 23. Ra1 {[%clk 0:41:28]} a5 {[%clk 0:12:59]} 24. Nc3
{[%clk 0:41:04]} Bxc3 {[%clk 0:09:25]} 25. Bxd3 {[%clk 0:41:20]} Nxb2
{[%clk 0:09:43]} 26. Bc2 {[%clk 0:40:08]} Rb6 {[%clk 0:09:49]} 27. Ra3
{[%clk 0:38:52]} Bf6 {[%clk 0:10:11]} 28. Bb3 {[%clk 0:35:47]} e6
{[%clk 0:08:43]} 29. Ba2 {[%clk 0:32:10]} Be7 {[%clk 0:08:16]} 30. Rc3
{[%clk 0:32:11]} Nxa4 {[%clk 0:08:32]} 31. Rc4 {[%clk 0:29:08]} 1/2-1/2

[Event "detiasii2b"]
[Site "?"]
[Date "2016.07.13"]
[Round "9.4"]
[White "Kazimov, Farhan"]
[Black "Sezdbekov, Ruslan"]
[Result "0-1"]
[BlackElo "2043"]
[WhiteElo "1831"]
[LiveChessVersion "1.4.8"]

1. e4 {[%clk 1:30:48]} e6 {[%clk 1:30:48]} 2. d4 {[%clk 1:31:13]} d5
{[%clk 1:31:14]} 3. exd5 {[%clk 1:31:40]} exd5 {[%clk 1:31:40]} 4. Bd3
{[%clk 1:31:48]} Bd6 {[%clk 1:32:04]} 5. Nf3 {[%clk 1:32:12]} Nf6
{[%clk 1:32:23]} 6. O-O {[%clk 1:32:36]} O-O {[%clk 1:32:49]} 7. Bg5
{[%clk 1:33:02]} h6 {[%clk 1:33:11]} 8. Bh4 {[%clk 1:33:25]} Bg4 {[%clk 1:33:37]}
9. Nbd2 {[%clk 1:33:03]} Nbd7 {[%clk 1:33:56]} 10. c3 {[%clk 1:32:43]} c5
{[%clk 1:32:22]} 11. dxc5 {[%clk 1:32:22]} Bxc5 {[%clk 1:32:47]} 12. Qc2
{[%clk 1:29:47]} Qb6 {[%clk 1:30:58]} 13. h3 {[%clk 1:28:05]} Be6
{[%clk 1:29:47]} 14. c4 {[%clk 1:26:10]} Rac8 {[%clk 1:29:17]} 15. b3
{[%clk 1:23:27]} Bd4 {[%clk 1:24:27]} 16. Rae1 {[%clk 1:22:43]} Rfe8
{[%clk 1:22:40]} 17. Re2 {[%clk 1:20:42]} Nh5 {[%clk 1:22:42]} 18. Nxd4
{[%clk 1:19:19]} Qxd4 {[%clk 1:23:05]} 19. Nf3 {[%clk 1:19:46]} Qf4
{[%clk 1:21:43]} 20. cxd5 Rxc2 {[%clk 1:16:31]} 21. Bxc2 {[%clk 1:16:09]} Nf8
{[%clk 1:16:03]} 22. dxe6 {[%clk 1:10:39]} Rxe6 {[%clk 1:16:26]} 23. Rfe1
{[%clk 1:10:42]} g5 {[%clk 1:16:23]} 24. Bg3 {[%clk 1:10:25]} Nxg3
{[%clk 1:16:34]} 25. fxg3 {[%clk 1:10:51]} Qxg3 {[%clk 1:17:00]} 26. Bf5
{[%clk 1:10:21]} Rxe2 {[%clk 1:16:11]} 27. Rxe2 {[%clk 1:10:34]} Qc7
{[%clk 1:16:37]} 28. Bd3 {[%clk 1:07:12]} Ne6 {[%clk 1:16:49]} 29. Bc4
{[%clk 1:06:23]} Nf4 {[%clk 1:17:03]} 30. Re5 {[%clk 1:05:50]} Kg7
{[%clk 1:16:30]} 31. a4 {[%clk 1:04:10]} Qd6 {[%clk 1:16:06]} 32. Re1
{[%clk 1:02:27]} Nxh3+ {[%clk 1:15:39]} 33. Kf1 {[%clk 1:01:16]} Qg3
{[%clk 1:15:35]} 34. Re2 {[%clk 1:01:38]} Nf4 {[%clk 1:15:59]} 35. Rf2
{[%clk 1:00:06]} Nxg2 {[%clk 1:15:27]} 36. Nd4 {[%clk 0:59:56]} Ne3+
{[%clk 1:15:52]} 37. Ke2 {[%clk 1:00:21]} Qe5 {[%clk 1:15:50]} 38. Rxf7+
{[%clk 0:59:41]} Kg6 {[%clk 1:16:16]} 39. Nf3 {[%clk 1:00:01]} Qe8
{[%clk 1:16:37]} 40. Bb5 {[%clk 0:58:47]} Qe6 {[%clk 1:15:39]} 41. Rxb7
{[%clk 0:58:18]} Ng4+ {[%clk 1:15:33]} 42. Kd2 {[%clk 0:56:21]} Qd5+
{[%clk 1:16:00]} 43. Bd3+ {[%clk 0:56:49]} Kh5 {[%clk 1:15:30]} 44. Rb4
{[%clk 0:55:50]} Ne5 {[%clk 1:07:50]} 45. Nxe5 {[%clk 0:54:43]} Qxe5
{[%clk 1:08:15]} 46. Rb7 {[%clk 0:54:43]} Qd4 {[%clk 1:07:58]} 47. Rb5
{[%clk 0:52:59]} Kh4 {[%clk 1:08:01]} 48. Kc2 {[%clk 0:53:23]} g4
{[%clk 1:07:11]} 49. Be2 {[%clk 0:53:52]} Kg3 {[%clk 1:06:20]} 50. a5
{[%clk 0:53:33]} Kf2 {[%clk 1:05:43]} 51. Bc4 {[%clk 0:53:29]} g3
{[%clk 1:05:57]} 52. Rf5+ {[%clk 0:53:57]} Ke3 {[%clk 1:06:16]} 53. Rd5
{[%clk 0:52:32]} g2 {[%clk 1:06:23]} 0-1

[Event "detiasii2b"]
[Site "?"]
[Date "2016.07.13"]
[Round "9.5"]
[White "Bold, Khosbayar"]
[Black "Sylyev, Nedir"]
[Result "1-0"]
[BlackElo "1855"]
[WhiteElo "1768"]
[LiveChessVersion "1.4.8"]

1. e4 {[%clk 1:30:58]} Nf6 {[%clk 1:30:55]} 2. e5 {[%clk 1:31:02]} Nd5
{[%clk 1:31:23]} 3. d4 {[%clk 1:31:08]} d6 {[%clk 1:31:47]} 4. Nf3
{[%clk 1:31:29]} Bg4 {[%clk 1:32:10]} 5. Be2 {[%clk 1:31:42]} e6 {[%clk 1:32:32]}
6. c4 {[%clk 1:30:45]} Nb6 {[%clk 1:32:47]} 7. exd6 {[%clk 1:30:40]} cxd6
{[%clk 1:33:03]} 8. Nc3 {[%clk 1:30:16]} Be7 {[%clk 1:32:02]} 9. Bf4
{[%clk 1:28:46]} O-O {[%clk 1:29:42]} 10. h3 {[%clk 1:27:44]} Bh5
{[%clk 1:28:19]} 11. g4 {[%clk 1:26:11]} Bg6 {[%clk 1:28:41]} 12. h4
{[%clk 1:26:06]} f6 {[%clk 1:17:54]} 13. Bd3 {[%clk 1:22:38]} Bxd3
{[%clk 1:03:48]} 14. Qxd3 {[%clk 1:23:03]} Qc8 {[%clk 0:55:31]} 15. b3
{[%clk 1:20:00]} e5 {[%clk 0:52:13]} 16. Bd2 {[%clk 1:20:16]} Qxg4
{[%clk 0:39:35]} 17. Rg1 {[%clk 1:20:07]} Qh5 {[%clk 0:35:32]} 18. O-O-O
{[%clk 1:17:41]} Nc6 {[%clk 0:31:51]} 19. Nd5 {[%clk 1:05:40]} Nxd5
{[%clk 0:22:01]} 20. cxd5 {[%clk 1:06:02]} Nb8 {[%clk 0:20:49]} 21. dxe5
{[%clk 1:03:17]} fxe5 {[%clk 0:20:15]} 22. Ng5 {[%clk 1:01:37]} Bxg5
{[%clk 0:16:31]} 23. Rxg5 {[%clk 1:00:27]} Rc8+ {[%clk 0:14:55]} 24. Bc3
{[%clk 1:00:52]} Qxh4 {[%clk 0:14:39]} 25. Rdg1 {[%clk 1:00:55]} Rc7
{[%clk 0:14:11]} 26. Kb1 {[%clk 0:59:11]} Na6 {[%clk 0:09:46]} 27. Qf5
{[%clk 0:57:59]} Re8 {[%clk 0:04:04]} 28. Rh5 {[%clk 0:57:58]} Qxh5
{[%clk 0:03:49]} 29. Qxh5 {[%clk 0:58:23]} Rf8 {[%clk 0:04:13]} 30. Bd2
{[%clk 0:55:10]} Rff7 {[%clk 0:03:53]} 31. Bh6 {[%clk 0:54:49]} Rce7
{[%clk 0:04:12]} 32. Bg5 {[%clk 0:54:11]} Rd7 {[%clk 0:04:38]} 33. Qg4
{[%clk 0:53:36]} Nc5 {[%clk 0:04:34]} 34. b4 {[%clk 0:53:45]} Na4
{[%clk 0:04:32]} 35. Ka1 {[%clk 0:53:28]} Nb6 {[%clk 0:04:46]} 36. Qe6
{[%clk 0:53:20]} h5 {[%clk 0:04:39]} 37. Rh1 {[%clk 0:53:30]} 1-0

[Event "detiasii2b"]
[Site "?"]
[Date "2016.07.13"]
[Round "9.6"]
[White "Gasimov, Parviz"]
[Black "Mestnikov, Aisen"]
[Result "0-1"]
[BlackElo "2135"]
[WhiteElo "2358"]
[LiveChessVersion "1.4.8"]

1. e4 {[%clk 1:30:55]} e5 {[%clk 1:30:54]} 2. Nf3 {[%clk 1:30:59]} Nc6
{[%clk 1:29:57]} 3. Bb5 {[%clk 1:31:05]} a6 4. Ba4 {[%clk 1:31:27]} Nf6
{[%clk 1:30:38]} 5. d3 {[%clk 1:31:36]} d6 {[%clk 1:29:28]} 6. c3
{[%clk 1:30:13]} g6 {[%clk 1:29:04]} 7. O-O {[%clk 1:29:09]} Bg7 {[%clk 1:28:48]}
8. Re1 {[%clk 1:27:51]} O-O {[%clk 1:28:28]} 9. Nbd2 {[%clk 1:27:39]} b5
{[%clk 1:27:18]} 10. Bc2 {[%clk 1:27:26]} Bb7 {[%clk 1:26:10]} 11. Nf1
{[%clk 1:18:05]} d5 {[%clk 1:17:09]} 12. Qe2 {[%clk 1:14:41]} Qd6
{[%clk 1:12:05]} 13. a4 {[%clk 1:11:06]} b4 {[%clk 1:07:43]} 14. Ne3
{[%clk 1:04:46]} Qc5 {[%clk 1:02:22]} 15. Nd2 bxc3 {[%clk 0:55:18]} 16. Nb3
{[%clk 0:47:35]} cxb2 {[%clk 0:50:43]} 17. Bxb2 {[%clk 0:47:45]} Qa7
{[%clk 0:42:27]} 18. Ba3 {[%clk 0:38:48]} Rfd8 {[%clk 0:42:04]} 19. Bc5
{[%clk 0:37:06]} Qb8 {[%clk 0:42:02]} 20. Rab1 {[%clk 0:36:48]} Qc8
{[%clk 0:38:53]} 21. Rec1 {[%clk 0:22:57]} dxe4 {[%clk 0:32:53]} 22. dxe4
{[%clk 0:22:55]} Nd4 {[%clk 0:25:34]} 23. Nxd4 {[%clk 0:21:40]} exd4
{[%clk 0:25:34]} 24. Nc4 {[%clk 0:22:06]} d3 {[%clk 0:22:28]} 25. Bxd3
{[%clk 0:19:12]} Rxd3 {[%clk 0:22:23]} 26. Qxd3 {[%clk 0:15:24]} Bxe4
{[%clk 0:22:04]} 27. Qb3 {[%clk 0:14:49]} Bxb1 {[%clk 0:21:42]} 28. Qxb1
{[%clk 0:14:04]} Rb8 {[%clk 0:21:02]} 29. Qd3 {[%clk 0:14:10]} Qd7
{[%clk 0:20:27]} 30. Qxd7 {[%clk 0:13:03]} Nxd7 {[%clk 0:20:17]} 31. Ba3
{[%clk 0:13:24]} Nb6 {[%clk 0:11:02]} 32. Na5 {[%clk 0:08:59]} Nxa4
{[%clk 0:09:46]} 33. Rxc7 {[%clk 0:09:04]} Rb1+ {[%clk 0:09:47]} 34. Rc1
{[%clk 0:09:32]} Rxc1+ {[%clk 0:10:04]} 35. Bxc1 {[%clk 0:10:01]} Bc3
{[%clk 0:09:52]} 36. Nc4 {[%clk 0:10:06]} Bb4 {[%clk 0:08:57]} 37. f3
{[%clk 0:09:03]} Nc5 {[%clk 0:07:40]} 38. Kf1 {[%clk 0:06:55]} Nb3
{[%clk 0:05:27]} 39. Be3 {[%clk 0:05:13]} a5 {[%clk 0:04:59]} 40. Nb2
{[%clk 0:05:08]} Bc5 {[%clk 0:02:37]} 41. Bf4 {[%clk 0:04:49]} Bd4
{[%clk 0:01:05]} 42. Nd3 {[%clk 0:01:18]} a4 {[%clk 0:00:45]} 43. Bd6
{[%clk 0:01:36]} Nd2+ {[%clk 0:00:35]} 44. Ke2 {[%clk 0:01:52]} Nc4
{[%clk 0:01:04]} 45. Bb4 {[%clk 0:02:06]} f5 {[%clk 0:00:37]} 46. Ne1
{[%clk 0:01:25]} a3 {[%clk 0:00:37]} 47. Nc2 {[%clk 0:00:35]} a2 {[%clk 0:00:51]}
48. Kd3 {[%clk 0:00:57]} Ne3 {[%clk 0:00:49]} 49. Bc3 {[%clk 0:00:40]} Nxc2
{[%clk 0:00:43]} 50. Kxd4 0-1

[Event "Children of Asia"]
[Site "?"]
[Date "2016.07.13"]
[Round "9"]
[White "Ergeshov, Timur"]
[Black "Mohamed Noor, Rilwan"]
[Result "1-0"]
[WhiteElo "2257"]
[BlackElo "1252"]
[PlyCount "61"]

1. d4 Nf6 2. c4 g6 3. Nc3 Bg7 4. e4 d6 5. Be2 O-O 6. Nf3 e5 7. O-O Nc6 8. d5
Ne7 9. b4 Nd7 10. a4 f5 11. Ba3 b6 12. Ng5 Nf6 13. c5 h6 14. Ne6 Bxe6 15. dxe6
Nxe4 16. Nxe4 fxe4 17. cxd6 cxd6 18. b5 Re8 19. Bc4 Rc8 20. Ba2 Rc5 21. Bxc5
bxc5 22. Bd5 Nxd5 23. Qxd5 Qe7 24. Rfd1 Qxe6 25. Qxd6 Qxd6 26. Rxd6 Kh7 27. a5
Rc8 28. Rc6 Rd8 29. b6 e3 30. fxe3 e4 31. Rb1 1-0

[Event "Children of Asia"]
[Site "?"]
[Date "2016.07.13"]
[Round "9"]
[White "Koniahli, Malek"]
[Black "Kaluarachchi, Achinthya Shamen"]
[Result "0-1"]
[WhiteElo "1958"]
[BlackElo "1876"]
[PlyCount "60"]

1. d4 Nf6 2. c4 g6 3. Nc3 Bg7 4. e4 d6 5. Bd3 O-O 6. Nge2 c5 7. d5 a6 8. a4 b6
9. f3 Nbd7 10. Be3 Ne5 11. b3 Bd7 12. h3 Nxd3+ 13. Qxd3 b5 14. Ra2 bxc4 15.
bxc4 Rb8 16. O-O Qc7 17. f4 Rb3 18. Nc1 Rxc3 19. Qxc3 Nxd5 20. Qd3 Nxe3 21. Rf3
Nxc4 22. Qxc4 Be6 23. Qxa6 Bxa2 24. Nxa2 c4 25. Nc3 Qc5+ 26. Kh2 e6 27. Qb7 Qa5
28. Nb5 c3 29. e5 c2 30. Rc3 Qxc3 0-1